000 00615nas a2200217 4500
001 BR6007852
003 BR-BrBNA
005 20231205082033.0
007 ta
008 230509b bl.|||p| |||| 00| 00por d
040 _aBR-BrBNA
_bpor
_cBiblioteca Nacional de Agricultura
041 _a(Pt)
072 _aH10
100 1 _aCavalcante, R.D.
245 1 _aCombate ao curuquere do algodoeiro [Gossypium hirsutum]
650 _aALGODAO
650 _aCURUQUERE
773 0 _tLavoura (Brazil)
_xISSN 0023-9135
_g(Jan 1978), v. 81 p. 52
_wBR6007852
909 _a202311
_bLúcia
_c55
_dLúcia Elande
942 _2AGRIS
_n0
_cANA
999 _c88741
_d88741